000 00550nam a2200181Ia 4500
008 090123s9999 xx 000 0 und d
082 _b14583
_a891.463/सिनकर
100 _aसिनकर श्रीकांत
245 _aकॉलगर्ल
250 _a1
260 _bआरती प्रकाशन
300 _a148
600 _aसिनकर श्रीकांत
630 _aकॉलगर्ल
700 _aसिनकर श्रीकांत
730 _aकॉलगर्ल
942 _cBOOK
999 _c52644
_d52644